00442cam a2200169ua 45000010005000000080039000050200018000440400009000620820013000711000027000842450056001112500009001672600030001763000017002066530018002236530031002413978111212n ii |||gr||||Z||||||asm a81-7339-070-3 cMAIN a891.45111 aSharma, Basanta Kumar,11aRomantik kabir kabyabicharcby Basanta Kumar Sharma a1st. aDibrugarh:bBanalata,994. a148p:c23cm. aAssamese poem aRomantik kabir kabyabichar